Statistics for Every FIFA Men's National Teams

Click here to take the quiz!

General Stats

  • This quiz has been taken 53 times
  • The average score is 161 of 207

Answer Stats

RankingAnswer% Correct
2France
98%
4England
96%
8Spain
96%
1Argentina
94%
5Belgium
94%
3Brazil
94%
79China
94%
7Netherlands
94%
39Russia
94%
45Canada
91%
10Croatia
91%
35Egypt
91%
58Ireland
91%
9Italy
91%
18Japan
91%
42Norway
91%
6Portugal
91%
57Saudi Arabia
91%
34Scotland
91%
24South Korea
91%
23Sweden
91%
11USA
91%
28Wales
91%
17Colombia
89%
62Finland
89%
16Germany
89%
30Hungary
89%
102India
89%
21Iran
89%
50Slovakia
89%
38Turkey
89%
22Ukraine
89%
15Uruguay
89%
27Australia
87%
19Denmark
87%
118Estonia
87%
51Greece
87%
68Iraq
87%
132Latvia
87%
134Lithuania
87%
87Luxembourg
87%
12Mexico
87%
13Morocco
87%
115North Korea
87%
44Panama
87%
48Romania
87%
29Serbia
87%
54Slovenia
87%
14Switzerland
87%
154Afghanistan
85%
25Austria
85%
84Bulgaria
85%
37Chile
85%
41Czechia
85%
67Iceland
85%
71Israel
85%
105Kosovo
85%
75Northern Ireland
85%
66North Macedonia
85%
193Pakistan
85%
31Poland
85%
61Qatar
85%
64South Africa
85%
92Syria
85%
159Andorra
83%
95Armenia
83%
85Bolivia
83%
63Bosnia and Herzegovina
83%
169Cuba
83%
124Cyprus
83%
60Ghana
83%
52Ivory Coast
83%
171Malta
83%
173Nepal
83%
103New Zealand
83%
53Paraguay
83%
207San Marino
83%
20Senegal
83%
32Tunisia
83%
73Uzbekistan
83%
49Venezuela
83%
94Vietnam
83%
120Azerbaijan
81%
178Cambodia
81%
46Costa Rica
81%
184Dominica
81%
149Dominican Republic
81%
36Ecuador
81%
170Fiji
81%
76Georgia
81%
55Jamaica
81%
98Kazakhstan
81%
200Liechtenstein
81%
47Mali
81%
129Niger
81%
40Nigeria
81%
72Oman
81%
69United Arab Emirates
81%
156Yemen
81%
59Albania
79%
33Algeria
79%
199Bahamas
79%
83Bahrain
79%
100Belarus
79%
43Cameroon
79%
198Gibraltar
79%
80Guinea
79%
78Honduras
79%
145Indonesia
79%
70Montenegro
79%
113Mozambique
79%
26Peru
79%
106Republic of the Congo
79%
155Singapore
79%
202Sri Lanka
79%
144Suriname
79%
116Angola
77%
183Bangladesh
77%
181Belize
77%
77El Salvador
77%
143Ethiopia
77%
88Haiti
77%
82Jordan
77%
188Laos
77%
151Liberia
77%
126Libya
77%
108Madagascar
77%
137Malaysia
77%
101Mauritania
77%
157Moldova
77%
190Mongolia
77%
138Philippines
77%
196Somalia
77%
109Tajikistan
77%
112Thailand
77%
141Turkmenistan
77%
125Zimbabwe
77%
74Cape Verde
74%
189Djibouti
74%
107Guatemala
74%
160Guyana
74%
97Kyrgyzstan
74%
133Nicaragua
74%
165Papua New Guinea
74%
195Seychelles
74%
131Solomon Islands
74%
167South Sudan
74%
130Sudan
74%
99Trinidad and Tobago
74%
90Uganda
74%
81Zambia
74%
174Barbados
72%
93Benin
72%
191Brunei
72%
142Burundi
72%
127Central African Republic
72%
179Chad
72%
128Comoros
72%
146Eswatini
72%
86Gabon
72%
117Gambia
72%
111Guinea-Bissau
72%
110Kenya
72%
114Namibia
72%
96Palestine
72%
140Rwanda
72%
186Sao Tome and Principe
72%
122Sierra Leone
72%
147St. Kitts and Nevis
72%
166St. Lucia
72%
197Timor-Leste
72%
119Togo
72%
139Antigua and Barbuda
70%
182Bhutan
70%
56Burkina Faso
70%
91Equatorial Guinea
70%
136Kuwait
70%
104Lebanon
70%
153Lesotho
70%
123Malawi
70%
161Maldives
70%
168Vanuatu
70%
176Grenada
68%
150Hong Kong
68%
158Myanmar
68%
148Botswana
66%
135Faroe Islands
66%
177Mauritius
66%
121Tanzania
66%
65Democratic Republic of the Congo
62%
163Tahiti
62%
205US Virgin Islands
62%
192Aruba
60%
204British Virgin Islands
57%
89Curacao
55%
194Cayman Islands
53%
152Chinese Taipei
53%
203Guam
53%
162New Caledonia
53%
164Puerto Rico
51%
172Bermuda
47%
187Macau
47%
180Montserrat
47%
206Anguilla
40%
185Cook Islands
38%
175St. Kitts and the Grenadines
34%
201Turks and Caicos
30%

Score Distribution

Percentile by Number Answered

Percent of People with Each Score

Your Score History

You have not taken this quiz